Sự giao tiếp sư phạm
Tài liệu tham khảo tr. 146-147;
Đã lưu trong:
| 主要作者: | |
|---|---|
| 格式: | 图书 |
| 语言: | Undetermined |
| 出版: |
Giáo dục
1995
|
| 主题: | |
| 在线阅读: | http://lrc.tdmu.edu.vn/opac/search/detail.asp?aID=2&ID=22507 |
| 标签: |
添加标签
没有标签, 成为第一个标记此记录!
|
| Thư viện lưu trữ: | Trung tâm Học liệu Trường Đại học Thủ Dầu Một |
|---|
| LEADER | 01485nam a2200193Ia 4500 | ||
|---|---|---|---|
| 001 | TDMU_22507 | ||
| 008 | 210410s9999 xx 000 0 und d | ||
| 082 | |a 370.15 | ||
| 090 | |b NG527 | ||
| 100 | |a Nguyễn, Văn Lê | ||
| 245 | 0 | |a Sự giao tiếp sư phạm | |
| 245 | 0 | |c Nguyễn Văn Lê | |
| 260 | |b Giáo dục | ||
| 260 | |c 1995 | ||
| 300 | |a 147 tr. | ||
| 520 | |a Tài liệu tham khảo tr. 146-147; |g Chương 1. |t Giao tiếp bằng ngôn ngữ -- |g Chương 2. |t Giao tiếp phi ngôn ngữ -- |g Chương 3. |t Tiếp cận hệ thống hiện tượng giao tiếp -- |g Chương 4. |t Tiếp cận điều khiển học hiện tượng giao tiếp -- |g Chương 5. |t Mạng giao tiếp -- |g Chương 6. |t Hệ thống khái niệm về giao tiếp sư phạm -- |g Chương 7. |t Những chỉ dẫn về giao tiếp sư phạm -- |g Chương 8. |t Bài tập nghiên cứu về giao tiếp sư phạm -- |g Chương 9. |t Giao tiếp của hiệu trưởng, phó hiệu trưởng, giám thị -- |g Chương 10. |t Giao tiếp trong các mặt giáo dục của giáo viên chủ nhiệm lớp; NV Thực hành sư phạm 2 | ||
| 650 | |a Văn hóa giao tiếp |x Trường học; Giao tiếp sư phạm | ||
| 856 | |u http://lrc.tdmu.edu.vn/opac/search/detail.asp?aID=2&ID=22507 | ||
| 980 | |a Trung tâm Học liệu Trường Đại học Thủ Dầu Một | ||